[Event "BCF-chT4S 1920 (4NCL)"]
[Site "England"]
[Date "2020.02.08"]
[Round "5.151"]
[White "Deacon, David J"]
[Black "Durrant, Paul EO"]
[Result "1/2-1/2"]
[WhiteElo "1598"]
[BlackElo "1802"]
[PlyCount "66"]
[EventDate "2019.11.09"]
[EventType "team-swiss"]
[EventRounds "11"]
[EventCountry "ENG"]
[SourceTitle "EXT 2022"]
[Source "ChessBase"]
[SourceDate "2021.10.06"]
[SourceVersion "1"]
[SourceVersionDate "2021.10.06"]
[SourceQuality "1"]
[WhiteTeam "Wessex IV"]
[BlackTeam "Surbiton II"]
[WhiteTeamCountry "ENG"]
[BlackTeamCountry "ENG"]

1. d4 c5 2. d5 g6 3. Nf3 Bg7 4. g3 Nf6 5. Bg2 d6 6. 0-0 e6 7. Nc3 0-0 8. e4 exd5 9. exd5 Na6 10. h3 Nc7 11. a4 b6 12. Re1 a6 13. Nd2 Rb8 14. Nde4 Nxe4 15. Nxe4 Bf5 16. Bg5 f6 17. Bc1 Re8 18. c3 Qd7 19. Bf4 Bxe4 20. Rxe4 g5 21. Be3 Rxe4 22. Bxe4 f5 23. Bg2 h6 24. Qd2 Qe7 25. Bf1 Re8 26. Rd1 Qe5 27. h4 gxh4 28. gxh4 Qf6 29. Bf4 Bf8 30. Bg3 Re4 31. Bh3 f4 32. Bg2 f3 33. Qd3 Rxa4 1/2-1/2